000
00307nam a2200121Ia 4500
005
20260326235439.0
008
260326s9999||||xx |||||||||||||| ||und||
100
_a
Brödner, Erika
245
0
_a
Modernes Wohnen /
_c
Erika Brödner
260
_b
Hermann Rinn
650
_a
ARQUITECTURA RESIDENCIAL
942
_c
BK
999
_c
7353
_d
7353